| 000 | 00000nas 2200000za 4500 |
| 001 | 9.508247 |
| 003 | CaOODSP |
| 005 | 20250403104741 |
| 007 | ta |
| 008 | 150406d19711999xxcqr p #||||f| |0fre|d |
| 022 | |a0383-4875 |
| 040 | |aCaOODSP|bfre |
| 041 | |aeng|afre |
| 043 | |an-cn--- |
| 086 | 1 |aCS62-004 |
| 245 | 00|aFarm input price indexes = |bIndice des prix des entrées dans l'agriculture. |
| 246 | 11|aIndice des prix des entrées dans l'agriculture |
| 260 | |a[Ottawa] : |bStatistique Canada, |c1972-1999. |
| 310 | |aTrimestriel |
| 546 | |aTexte en anglais et en français. |
| 563 | |aCouverture souple |
| 710 | 2 |aStatistique Canada. |
| 776 | 0#|tFarm input price indexes |w(CaOODSP)9.808519 |
| 791 | |tFarm input price index = |eeng|w(CaOODSP)9.508246 |